Normal view
MARC view
- النقد الادبي-الادبي العربي-النثر العربي
Entry Topical Term
001 - CONTROL NUMBER
- control field: 23703
003 - CONTROL NUMBER IDENTIFIER
- control field: JO-AjAnu
005 - DATE AND TIME OF LATEST TRANSACTION
- control field: 20230606074054.0
008 - FIXED-LENGTH DATA ELEMENTS
- fixed length control field: 230606|| aca||aabn | a|a d
040 ## - CATALOGING SOURCE
- Original cataloging agency: JO-AjAnu
- Transcribing agency: JO-AjAnu
150 ## - HEADING--TOPICAL TERM
- Topical term or geographic name entry element: النقد الادبي-الادبي العربي-النثر العربي
670 ## - SOURCE DATA FOUND
- Source citation: Work cat.: (JO-AjAnu)12184: أبو شندي، عصام حسين اسماعيل, author 23702, نقد النثر العربي في كتابات إحسان عباس